000 00709nam a2200217Ii 4500
003 JO-AjNU
008 230605s9999||||xx |||||||||||||| ||und||
017 _a2002/6/1458
040 _aJO-AjNU
_bara
_erda
_cJO-AjNU
041 _aara
050 1 4 _aPJ6065.T326 2002
100 3 _aتحرير عبد الخالق، غسان اسماعيل,
_eauthor
_933544
245 0 0 _aتدريس مهارات اللغة العربية
250 _aط1:العربية
264 3 1 _aجرش: جامعة فيلادلفيا،2002
300 _a115ص
336 _atext
_btxt
_2rdacontent
337 _aunmediated
_bn
_2rdamedia
338 _avolume
_bnc
_2rdacarrier
650 4 _aاللغة العربية-اللغة
_933545
999 _aA13665
_c17233
_d17233